<?xml version="1.0" encoding="UTF-8"?>
<collection xmlns="http://www.loc.gov/MARC21/slim">
 <record>
  <leader>00642pamaa2200205   4500</leader>
  <controlfield tag="001">0000053786</controlfield>
  <controlfield tag="005">20160121090000.0</controlfield>
  <controlfield tag="008">160121s2013               eng  </controlfield>
  <datafield tag="020" ind1="0" ind2="0">
   <subfield code="a">9781452285214(pbk.) </subfield>
  </datafield>
  <datafield tag="090" ind1="0" ind2="0">
   <subfield code="a">LB3013 </subfield>
   <subfield code="b">PIN 2013</subfield>
  </datafield>
  <datafield tag="100" ind1="1" ind2="0">
   <subfield code="a">Pinto, Laura E </subfield>
  </datafield>
  <datafield tag="245" ind1="1" ind2="0">
   <subfield code="a">From discipline to culturally responsive engagement : </subfield>
   <subfield code="b">45 classroom management strategies  </subfield>
   <subfield code="c">Laura E. Pinto.</subfield>
  </datafield>
  <datafield tag="260" ind1="0" ind2="0">
   <subfield code="a">Thousand Oaks, Calif: </subfield>
   <subfield code="b">Crowin, </subfield>
   <subfield code="c">2013.</subfield>
  </datafield>
  <datafield tag="300" ind1=" " ind2=" ">
   <subfield code="a">xxi, 206p: </subfield>
   <subfield code="b">ill.; </subfield>
   <subfield code="c">25 cm.</subfield>
  </datafield>
  <datafield tag="501" ind1="0" ind2="0">
   <subfield code="a">TLC</subfield>
  </datafield>
  <datafield tag="504" ind1="0" ind2="0">
   <subfield code="a">Classroom management</subfield>
  </datafield>
  <datafield tag="650" ind1="0" ind2="0">
   <subfield code="a">Title </subfield>
  </datafield>
  <datafield tag="650" ind1="0" ind2="0">
   <subfield code="a">Multicultural education </subfield>
  </datafield>
  <datafield tag="650" ind1="0" ind2="0">
   <subfield code="a">Behavior modification </subfield>
  </datafield>
  <datafield tag="856" ind1="0" ind2="0">
   <subfield code="a">www.corwin.com</subfield>
  </datafield>
 </record>
</collection>
